Paper F2 management accounting: complete text/

Salvato in:
Dettagli Bibliografici
Autore principale: The Association of Chartered Certified Accountants (ACCA)
Altri autori: ACCA
Natura: Libro
Pubblicazione: Workingham, Berkshire: Kaplan Publishing, c2008.
Soggetti:
Tags: Aggiungi Tag
Nessun Tag, puoi essere il primo ad aggiungerne!!

MARC

LEADER 00000nam a22000007a 4500
005 20251003134832.0
020 |a 9781847107213  |c TZS 21,730/= 
040 |a MCCL  |b eng.  |e AACR 2nd rev. ed. 
082 |a 658.1511 MAN 
100 |a The Association of Chartered Certified Accountants (ACCA) 
245 |a Paper F2 management accounting:  |b complete text/  |c ACCA 
260 |a  Workingham, Berkshire:  |b Kaplan Publishing,  |c c2008. 
300 |a xx,398 (varying paging's).:  |b Ill.;  |c 30 cm. 
546 |a eng. 
650 |a Management accounting 
650 |a Costing 
700 |a ACCA 
942 |c BK 
999 |c 11736  |d 11736